A-Z Mythology & Folklore Quiz #2 HARD - Statistics

General Stats
  • This quiz has been taken 27 times
  • The average score is 6 of 26
Answer Stats
Hint Answer % Correct
Twin brother of Romulus, legendary founder of Rome. R Remus
100%
Primordial Greek personification of the sky and father of the Titans. U Uranus
80%
Legendary musician and prophet from Greek mythology who travelled to the underworld. O Orpheus
76%
Fox-like shapeshifting trickster spirits from Japanese folklore. K Kitsune
60%
Slayer and son/nephew of King Arthur. M Mordred
44%
Goddess of creation and death in Japanese mythology. I Izanami
24%
Dragon guardian of the golden apples in the Garden of the Hesperides. L Ladon
24%
Legendary spear of Odin, known to always hit its target. G Gungnir
20%
Common name also attributed to the Devil. J Jack
20%
Legendary French city swallowed by the ocean. Y Ys
20%
Blasphemous parody ceremony celebrated by various Satanic groups. B Black Mass
16%
Giant and guardian of the cedar forest in Mesopotamian mythology. H Humbaba
16%
Spectral chase through the sky seen as a portent of doom. W Wild Hunt
16%
Dog-headed Aztec god of fire, lightning death and the underworld X Xolotl
16%
Offspring of a demon and human. C Cambion
12%
Sword of Roland. D Durendal
12%
Sumerian goddess of the underworld. E Ereshkigal
12%
Field in Asgard ruled over by Freyja where half those slain in battle go. F Folkvangr
12%
Gatekeeper to the spirit world in West African Vodun. P Papa Legba
12%
Realm of the dead in Finnish mythology. T Tuonela
12%
Universal solvent sought by alchemists. A Alkahest
8%
Pants made from the skin of a dead main, capable of producing an endless supply of money. N Nabrok
8%
Evil spiritual forces in Jewish mysticism. Q Qlippoth
8%
Name of the river souls of the dead must cross in Buddhist tradition. S Sanzu
8%
Male water spirit in Slavic mythology. V Vodyanoy
8%
Cursed tree rooted in the centre of Hell in Islamic tradition. Z Zaqqum
0%
No matching quizzes found
Score Distribution
Percent of People with Each Score
Percentile by Number Answered
Your Score History
You have not taken this quiz